000 005320000a22001930004500
003 LK-CoMWRAF
005 20240503143119.0
008 230817t1984 ||||| |||| 00| 0 eng d
040 _aLK-CoMWRAF
_dLK-CoMWRAF
_eLK-CoMWRAF
041 _aeng
082 _a303.62
_bENG
100 _aEngineer, Asghar Ali
245 _aOn developing theory of communal riots
260 _aBombay:
_bInstitute of Islamic studies,
_c1984
300 _a66 p.
650 _aCOMMUNAL RIOTS
650 _aCommunalism- Socio-economic bases
942 _cBK
999 _c1747
_d1747